Flora de Montserrrat / (Record no. 9685)
[ view plain ]
| 000 -LEADER | |
|---|---|
| campo de control de longitud fija | 00918nam a2200277 i 4500 |
| 001 - NÚMERO DE CONTROL | |
| campo de control | 9685 |
| 003 - IDENTIFICADOR DE NÚMERO DE CONTROL | |
| campo de control | ES-MaACL |
| 005 - FECHA Y HORA DE LA ÚLTIMA TRANSACCIÓN | |
| campo de control | 20230906145732.0 |
| 007 - CAMPO FIJO DE DESCRIPCIÓN FÍSICA--INFORMACIÓN GENERAL | |
| campo de control de longitud fija | t| |
| 008 - DATOS DE LONGITUD FIJA--INFORMACIÓN GENERAL | |
| campo de control de longitud fija | 931125s1991 sp ||||1| cat d |
| 020 ## - NÚMERO INTERNACIONAL ESTÁNDAR DEL LIBRO | |
| Número Internacional Estándar del Libro | 84-7826-246-6 |
| 080 ## - NÚMERO DE LA CLASIFICACIÓN DECIMAL UNIVERSAL | |
| Número de la Clasificación Decimal Universal | 581.9(46:234 Monserrat) |
| 100 1# - ENTRADA PRINCIPAL--NOMBRE DE PERSONA | |
| Nombre de persona | Nuet i Badia, Josep. |
| 9 (RLIN) | 86124 |
| 245 10 - MENCIÓN DEL TÍTULO | |
| Título | Flora de Montserrrat / |
| Mención de responsabilidad, etc. | Josep Nuet i Badia, Josep M. Panareda i Clopés ; práoleg d'Oriol de Boláos. |
| 250 ## - MENCION DE EDICION | |
| Mención de edición | [1ª ed.]. |
| 260 ## - PUBLICACIÓN, DISTRIBUCIÓN, ETC. | |
| Lugar de publicación, distribución, etc. | Barcelona : |
| Nombre del editor, distribuidor, etc. | Abadía de Montserrat, |
| Fecha de publicación, distribución, etc. | 1991- |
| 300 ## - DESCRIPCIÓN FÍSICA | |
| Extensión | 1 v. : |
| Otras características físicas | il. ; |
| Dimensiones | 26 cm. |
| 490 1# - MENCIÓN DE SERIE | |
| Mención de serie | Biblioteca Abat Oliba. Sèrie Il-lustrada |
| 505 8# - NOTA DE CONTENIDO CON FORMATO | |
| Nota de contenido con formato | Vol. I. |
| 650 14 - PUNTO DE ACCESO ADICIONAL DE MATERIA--TÉRMINO DE MATERIA | |
| Término de materia o nombre geográfico como elemento de entrada | Flora- |
| Subdivisión geográfica | Montserrat. |
| 9 (RLIN) | 12905 |
| 700 1# - ENTRADA AGREGADA--NOMBRE PERSONAL | |
| Nombre de persona | Panareda i Clopés, Josep M. |
| 9 (RLIN) | 88746 |
| 700 1# - ENTRADA AGREGADA--NOMBRE PERSONAL | |
| Nombre de persona | Báolos, Oriol de, |
| Término indicativo de función/relación | |
| 9 (RLIN) | 126253 |
| 830 0# - PUNTO DE ACCESO ADICIONAL DE SERIE-TÍTULO UNIFORME | |
| Título uniforme | Biblioteca Abat Oliba. Sèrie Il-lustrada |
| 9 (RLIN) | 228057 |
| 852 ## - LOCALIZACIÓN | |
| Ubicación | ES-MaACL |
| Número de control de estantería | L-17184 |
| Sublocalización o colección | R.122256 |
| Estatus retirado | Estado de pérdida | Estado de daño | No para préstamo | Biblioteca de origen | Biblioteca actual | Ubicación en estantería | Fecha de adquisición | Fuente de adquisición | Total de préstamos | Signatura topográfica completa | Código de barras | Visto por última vez | Precio de reemplazo | Tipo de ítem Koha |
|---|---|---|---|---|---|---|---|---|---|---|---|---|---|---|
| Biblioteca del Ateneo de Madrid | Biblioteca del Ateneo de Madrid | Depósito 2 | 17/01/2008 | L-17184 | 1009884 | 23/02/2023 | 23/02/2023 | Libro impreso |
